000 01349cam a2200397 i 4500
001 200465022
003 TR-AnTOB
005 20250812153226.0
007 ta
008 250812s2014 tu 000 0atur d
010 _a2015354389
020 _a9786056478826
_q(paperback)
020 _a6056478823
_q(paperback)
035 _a(OCoLC)944013389
035 _a(TR-AnTOB)200465022
040 _aCGU
_beng
_erda
_cDLC
_dCGU
_dOCLCO
_dOCLCQ
_dSULEY
_dTR-AnTOB
041 0 _atur
043 _aa-tu---
050 0 4 _aDS51.K39
_bK6333 2014
090 _aDS51.K39
_bK6333 2014
100 1 _aKocabaş, Süleyman,
_d1950-
_eauthor
_943379
245 1 0 _aYarım asırlık Kayseri - Türkiye gerçekleri ve hatıraları 1965-2015 :
_bKayseri'de bir Robinson Crusoe /
_cSüleyman Kocabaş.
250 _a1. baskı : Haziran 2014.
264 3 _aKayseri :
_bNasip ofset,
_c2014.
300 _a167 pages ;
_c20 cm
336 _atext
_btxt
_2rdacontent
337 _aunmediated
_bn
_2rdamedia
338 _avolume
_bnc
_2rdacarrier
490 0 _aSüleyman Kocabaş kütüphanesi ;
_v65.
490 0 _aHatıralar dizisi ;
_v1
600 1 0 _aKocabaş, Süleyman,
_d1950-
_943379
650 0 _aGazeteciler
_zTürkiye
_zKayseri İli
_vBiyografi
_919916
651 7 _aKayseri İli (Türkiye)
_xTarih
_2etuturkob
_912734
942 _2lcc
_cBK
999 _c200465022
_d83234